[Event "Mont de Marsan 20th"]
[Site "Mont de Marsan"]
[Date "2023.12.28"]
[Round "6"]
[White "Lemeaux, David"]
[Black "Bournel, Antoine"]
[Result "0-1"]
[WhiteElo "2250"]
[BlackElo "2333"]
[PlyCount "98"]
[EventDate "2023.12.26"]
[EventType "swiss"]
[EventRounds "9"]
[EventCountry "FRA"]
[SourceTitle "CB01_2024"]
[SourceDate "2024.01.03"]
[SourceVersion "1"]
[SourceVersionDate "2024.01.03"]
[SourceQuality "1"]

1. e4 c5 2. Nf3 e6 3. g3 Nc6 4. Bg2 Nf6 5. d3 d5 6. Nbd2 Be7 7. 0-0 0-0 8. Re1 b5 9. e5 Nd7 10. Nf1 Qc7 11. Bf4 Bb7 12. h4 Rfc8 13. h5 h6 14. Ne3 Qd8 15. Kh2 a5 16. Bh1 a4 17. Qe2 Nd4 18. Nxd4 cxd4 19. Ng4 Bf8 20. Rac1 Ra6 21. Bd2 a3 22. b3 Rac6 23. c4 dxc3 24. Be3 b4 25. Qc2 d4 26. Bxd4 Qg5 27. Qe2 Qxh5+ 28. Kg1 R6c7 29. Bf3 Qg6 30. Bxb7 Rxb7 31. Qf3 Rbc7 32. Re4 h5 33. Ne3 Bc5 34. Nc4 Qg5 35. Be3 Bxe3 36. fxe3 Nc5 37. Rd4 Rb8 38. Rf1 Qg6 39. e4 Qg5 40. Qf4 Qxf4 41. gxf4 Ra8 42. Ne3 Rcc8 43. Nc2 Rd8 44. Rxd8+ Rxd8 45. Nxb4 Rd4 46. Nc2 Rxd3 47. Nxa3 Nxe4 48. Rc1 Rd2 49. Rc2 h4 0-1

[Event "Barcelona Sants op 21st"]
[Site "Barcelona"]
[Date "2019.09.01"]
[Round "10"]
[White "Lemeaux, David"]
[Black "De Seroux, Camille"]
[Result "1/2-1/2"]
[WhiteElo "2287"]
[BlackElo "2161"]
[PlyCount "83"]
[EventDate "2019.08.23"]
[EventType "swiss"]
[EventRounds "10"]
[EventCountry "ESP"]
[SourceTitle "EXT 2020"]
[Source "ChessBase"]
[SourceDate "2019.10.17"]
[SourceVersion "1"]
[SourceVersionDate "2019.10.17"]
[SourceQuality "1"]

1. c4 c5 2. Nf3 Nc6 3. Nc3 g6 4. g3 Bg7 5. Bg2 a6 6. 0-0 e6 7. e3 Nge7 8. d4 cxd4 9. Nxd4 0-0 10. Nde2 Qc7 11. Rb1 b6 12. b3 Bb7 13. Ba3 Rfe8 14. Bd6 Qd8 15. Qd2 Nc8 16. Ba3 Qc7 17. Rbd1 Rd8 18. Bb2 Ne5 19. e4 d6 20. h3 Nd7 21. Kh2 Nf6 22. Rc1 Ne7 23. Rfd1 Rac8 24. Ba3 Ne8 25. Qe3 Ba8 26. Na4 Rb8 27. Bb2 Bxb2 28. Nxb2 Qc5 29. Nd4 Nc6 30. Qc3 Nc7 31. Rd2 Nxd4 32. Rxd4 Rbc8 33. Qd2 e5 34. Rd3 Ne6 35. Na4 Qc7 36. Nc3 b5 37. cxb5 axb5 38. Ne2 Qa7 39. Rxc8 Rxc8 40. Rc3 Rxc3 41. Nxc3 Qc5 42. Kg1 1/2-1/2

[Event "Barcelona Sants op 21st"]
[Site "Barcelona"]
[Date "2019.08.28"]
[Round "6"]
[White "Lemeaux, David"]
[Black "Laustsen, Lars"]
[Result "1/2-1/2"]
[WhiteElo "2287"]
[BlackElo "2107"]
[PlyCount "128"]
[EventDate "2019.08.23"]
[EventType "swiss"]
[EventRounds "10"]
[EventCountry "ESP"]
[SourceTitle "EXT 2020"]
[Source "ChessBase"]
[SourceDate "2019.10.17"]
[SourceVersion "1"]
[SourceVersionDate "2019.10.17"]
[SourceQuality "1"]

1. d4 d5 2. c4 c6 3. Nf3 Nf6 4. e3 Bf5 5. Nc3 e6 6. Nh4 Bg6 7. Nxg6 hxg6 8. Qb3 Qc7 9. Bd2 Nbd7 10. g3 Be7 11. Bg2 0-0 12. 0-0 Nb6 13. cxd5 cxd5 14. Rfc1 Qd7 15. Bf1 Rfc8 16. Nb5 a6 17. Na3 Bxa3 18. Qxb6 Ne4 19. Be1 Be7 20. f3 Bd8 21. Qb3 Nd6 22. Bb4 Be7 23. Bc5 Rc6 24. Rc3 Rac8 25. Rac1 Nf5 26. Bxe7 Nxe7 27. Kf2 Nf5 28. Bd3 Nd6 29. Ke2 g5 30. Kd2 g6 31. Rxc6 Rxc6 32. Rxc6 Qxc6 33. Qc3 Qd7 34. Qc5 Nf5 35. b3 Ne7 36. a4 e5 37. dxe5 Nc6 38. f4 d4 39. fxg5 dxe3+ 40. Qxe3 Qd5 41. e6 fxe6 42. Qe4 Qxg5+ 43. Kc2 Qc5+ 44. Kb2 Ne5 45. Bc2 a5 46. Qxb7 Qd4+ 47. Ka2 Qc3 48. Qe4 Kf8 49. Kb1 g5 50. h4 gxh4 51. gxh4 Nf3 52. Qg6 Qe1+ 53. Ka2 Nxh4 54. Qe4 Qxe4 55. Bxe4 Nf5 56. b4 Nd6 57. Bc6 axb4 58. Kb3 Ke7 59. Kxb4 Kd8 60. Kc5 Kc7 61. a5 Nb7+ 62. Bxb7 Kxb7 63. Kd6 Ka6 64. Kxe6 Kxa5 1/2-1/2

[Event "Barcelona Sants op 21st"]
[Site "Barcelona"]
[Date "2019.08.24"]
[Round "2"]
[White "Lemeaux, David"]
[Black "Bauer, Christian"]
[Result "0-1"]
[WhiteElo "2287"]
[BlackElo "2626"]
[PlyCount "122"]
[EventDate "2019.08.23"]
[EventType "swiss"]
[EventRounds "10"]
[EventCountry "ESP"]
[SourceTitle "EXT 2020"]
[Source "ChessBase"]
[SourceDate "2019.10.17"]
[SourceVersion "1"]
[SourceVersionDate "2019.10.17"]
[SourceQuality "1"]

1. Nf3 g6 2. d4 d6 3. g3 Bg7 4. Bg2 f5 5. 0-0 Nf6 6. c4 0-0 7. Nc3 c6 8. Re1 Na6 9. d5 e5 10. b3 e4 11. Nd4 c5 12. Nc2 Ng4 13. Bd2 Bd7 14. Qc1 Be5 15. f4 Bg7 16. h3 Nf6 17. Kf2 Nh5 18. Rg1 b5 19. cxb5 Nc7 20. a4 Rb8 21. Rb1 a6 22. bxa6 Nxa6 23. e3 Rb6 24. Bf1 Qa8 25. Bc4 Nf6 26. Rd1 Kh8 27. Be1 Be8 28. Qd2 h6 29. Na3 Nb4 30. Nab5 Qb8 31. Kg2 g5 32. Kh2 Bh5 33. Be2 Bf3 34. Bxf3 exf3 35. Qf2 g4 36. h4 Re8 37. Bd2 Qb7 38. Bc1 Qe7 39. Na3 Ne4 40. Nxe4 Qxe4 41. Qd2 Kh7 42. Kg1 Rb7 43. Bb2 Qxe3+ 44. Qxe3 Rxe3 45. Bxg7 Rxg7 46. Nc4 Re2 47. Rb2 Rge7 48. Rbd2 Nc2 49. a5 Nd4 50. b4 Rxd2 51. Rxd2 Ne2+ 52. Kf2 cxb4 53. Nxd6 Nc3 54. Kf1 Ne4 55. Nxe4 fxe4 56. d6 e3 57. dxe7 exd2 58. e8Q d1Q+ 59. Kf2 Qd2+ 60. Kf1 Qg2+ 61. Ke1 f2+ 0-1

[Event "Rochefort op 18th Op A"]
[Site "Rochefort"]
[Date "2019.02.16"]
[Round "6.6"]
[White "Delorme, Axel"]
[Black "Lemeaux, David"]
[Result "1-0"]
[WhiteElo "2498"]
[BlackElo "2246"]
[PlyCount "70"]
[EventDate "2019.02.16"]
[EventType "swiss"]
[EventRounds "9"]
[EventCountry "FRA"]
[SourceTitle "CBM 189 Extra"]
[Source "ChessBase"]
[SourceDate "2019.06.03"]
[SourceVersion "1"]
[SourceVersionDate "2019.06.03"]
[SourceQuality "1"]

1. Nf3 d5 2. g3 g6 3. Bg2 Bg7 4. d4 Nf6 5. c4 c6 6. 0-0 0-0 7. Qb3 dxc4 8. Qxc4 Be6 9. Qa4 Bf5 10. Nc3 Ne4 11. Nh4 Nxc3 12. bxc3 Bc8 13. Rb1 Nd7 14. Rd1 Nb6 15. Qc2 Be6 16. Nf3 Bc4 17. a4 Ba6 18. Ne1 Rc8 19. Nd3 Nd7 20. c4 c5 21. Bxb7 Bxb7 22. Rxb7 cxd4 23. Rxa7 Re8 24. a5 Nc5 25. Ba3 Ne4 26. Bb4 Rc7 27. Rxc7 Qxc7 28. c5 Qc6 29. Ra1 e5 30. Qa4 Qa8 31. a6 Rc8 32. a7 Ng5 33. c6 Ne6 34. Qa6 Rxc6 35. Qxc6 Qxc6 1-0

[Event "Rochefort op-A17th"]
[Site "Rochefort"]
[Date "2018.02.17"]
[Round "3.15"]
[White "Lemeaux, David"]
[Black "Niraj, Saripalli"]
[Result "1/2-1/2"]
[WhiteElo "2306"]
[BlackElo "2083"]
[PlyCount "53"]
[EventDate "2018.02.17"]
[EventType "swiss"]
[EventRounds "9"]
[EventCountry "FRA"]
[SourceTitle "EXT 2019"]
[Source "ChessBase"]
[SourceDate "2018.10.10"]
[SourceVersion "1"]
[SourceVersionDate "2018.10.10"]
[SourceQuality "1"]

1. d4 d5 2. c4 c6 3. Nf3 e6 4. Qc2 Bd6 5. g3 dxc4 6. Qxc4 b5 7. Qc2 Bb7 8. Bg2 Nd7 9. 0-0 Rc8 10. Nc3 Ngf6 11. Bf4 Bxf4 12. gxf4 0-0 13. Ne5 Qb6 14. Ne4 Nxe5 15. dxe5 Nxe4 16. Bxe4 g6 17. Rfd1 c5 18. Bxb7 Qxb7 19. Rd6 c4 20. a3 a5 21. Qd2 b4 22. axb4 axb4 23. Rc1 Qb5 24. e3 Qc5 25. Qd4 c3 26. bxc3 bxc3 27. Qxc5 1/2-1/2

[Event "Rochefort op-A17th"]
[Site "Rochefort"]
[Date "2018.02.17"]
[Round "2.3"]
[White "Maiorov, Nikita"]
[Black "Lemeaux, David"]
[Result "1-0"]
[WhiteElo "2547"]
[BlackElo "2306"]
[PlyCount "67"]
[EventDate "2018.02.17"]
[EventType "swiss"]
[EventRounds "9"]
[EventCountry "FRA"]
[SourceTitle "EXT 2019"]
[Source "ChessBase"]
[SourceDate "2018.10.10"]
[SourceVersion "1"]
[SourceVersionDate "2018.10.10"]
[SourceQuality "1"]

1. d4 d5 2. c4 e6 3. Nf3 Nf6 4. Nc3 Bb4 5. cxd5 exd5 6. Bg5 h6 7. Bh4 c5 8. e3 g5 9. Bg3 Ne4 10. Bb5+ Nc6 11. 0-0 Bxc3 12. bxc3 Nxc3 13. Bxc6+ bxc6 14. Qc2 Ne4 15. dxc5 Nxg3 16. hxg3 Qf6 17. Nd4 h5 18. f4 g4 19. Kf2 Rb8 20. Rh1 h4 21. gxh4 g3+ 22. Kxg3 Rb4 23. Qd2 Rc4 24. Kf2 Rxh4 25. Rxh4 Qxh4+ 26. Kg1 Bd7 27. Rb1 Qd8 28. Rb7 Rxc5 29. Qb2 Qa5 30. Rb8+ Ke7 31. Nf5+ Bxf5 32. Qe5+ Kd7 33. Rb7+ Kc8 34. Qb8# 1-0

[Event "Condom 16th"]
[Site "Condom"]
[Date "2017.07.14"]
[Round "8"]
[White "Laurent Paoli, Pierre"]
[Black "Lemeaux, David"]
[Result "1/2-1/2"]
[WhiteElo "2290"]
[BlackElo "2344"]
[PlyCount "70"]
[EventDate "2017.07.08"]
[EventType "tourn"]
[EventRounds "9"]
[EventCountry "FRA"]
[EventCategory "4"]
[SourceTitle "EXT 2018"]
[Source "ChessBase"]
[SourceDate "2017.10.13"]
[SourceVersion "1"]
[SourceVersionDate "2017.10.13"]
[SourceQuality "1"]

1. Nf3 d5 2. d4 Nf6 3. Bf4 e6 4. e3 c5 5. c3 Nc6 6. Nbd2 cxd4 7. exd4 Nh5 8. Bg3 Nxg3 9. hxg3 g6 10. Bd3 Bg7 11. 0-0 0-0 12. Re1 f6 13. c4 dxc4 14. Bxc4 Nxd4 15. Nb3 Nxf3+ 16. Qxf3 Qb6 17. Qe3 Qxe3 18. Rxe3 f5 19. Nc5 Bxb2 20. Rd1 Kh8 21. Nxe6 Bxe6 22. Rxe6 Rfd8 23. Red6 Rxd6 24. Rxd6 Rc8 25. Bb3 Rc7 26. Kf1 Ba3 27. Rd5 Re7 28. Rd4 Bc5 29. Rc4 b6 30. g4 Re5 31. f4 Re7 32. gxf5 gxf5 33. Bc2 Rf7 34. Rc3 Bd6 35. g3 Rc7 1/2-1/2

[Event "Condom 16th"]
[Site "Condom"]
[Date "2017.07.12"]
[Round "6"]
[White "Brih, Said"]
[Black "Lemeaux, David"]
[Result "1/2-1/2"]
[WhiteElo "2316"]
[BlackElo "2344"]
[PlyCount "61"]
[EventDate "2017.07.08"]
[EventType "tourn"]
[EventRounds "9"]
[EventCountry "FRA"]
[EventCategory "4"]
[SourceTitle "EXT 2018"]
[Source "ChessBase"]
[SourceDate "2017.10.13"]
[SourceVersion "1"]
[SourceVersionDate "2017.10.13"]
[SourceQuality "1"]

1. e4 c5 2. b3 Nf6 3. e5 Nd5 4. Bb2 g6 5. g3 Bg7 6. Bg2 Nc7 7. Nf3 Nc6 8. Qc1 0-0 9. 0-0 b6 10. Re1 d5 11. exd6 Qxd6 12. Nc3 f6 13. a4 Bb7 14. Nb5 Nxb5 15. axb5 Nb4 16. d4 cxd4 17. Qd2 a5 18. bxa6 Rxa6 19. Rxa6 Nxa6 20. Qxd4 Qc7 21. Nd2 e5 22. Qc4+ Qxc4 23. Nxc4 Bxg2 24. Kxg2 Rc8 25. Ra1 b5 26. Rxa6 bxc4 27. bxc4 Rxc4 28. Ra8+ Kf7 29. Ra7+ Kg8 30. Ra8+ Kf7 31. Ra7+ 1/2-1/2

[Event "Condom 16th"]
[Site "Condom"]
[Date "2017.07.10"]
[Round "4"]
[White "Bogdanov, Egor"]
[Black "Lemeaux, David"]
[Result "1/2-1/2"]
[WhiteElo "2292"]
[BlackElo "2344"]
[PlyCount "96"]
[EventDate "2017.07.08"]
[EventType "tourn"]
[EventRounds "9"]
[EventCountry "FRA"]
[EventCategory "4"]
[SourceTitle "EXT 2018"]
[Source "ChessBase"]
[SourceDate "2017.10.13"]
[SourceVersion "1"]
[SourceVersionDate "2017.10.13"]
[SourceQuality "1"]

1. e4 c5 2. Nf3 Nc6 3. d4 cxd4 4. Nxd4 e5 5. Nb5 d6 6. N1c3 a6 7. Na3 Be7 8. Be2 b5 9. Nd5 Nf6 10. Be3 Nxd5 11. exd5 Nd4 12. Bxd4 exd4 13. Qxd4 0-0 14. c3 Bf5 15. 0-0 Bf6 16. Qd2 Rb8 17. Nc2 Bxc2 18. Qxc2 b4 19. Bxa6 bxc3 20. bxc3 Qa5 21. Bc4 Bxc3 22. Rab1 Bd4 23. Qe4 Qc5 24. Bb3 Rfe8 25. Ba4 Rf8 26. Bc6 Rxb1 27. Qxb1 Qa7 28. a4 Rb8 29. Bb5 Rb7 30. Qc2 g6 31. Re1 Re7 32. Rxe7 Qxe7 33. g3 Qe1+ 34. Kg2 Bc3 35. Qd3 Kg7 36. Qe3 Qxe3 37. fxe3 f5 38. Kf3 Kf6 39. Bd7 Ke5 40. Be6 Ba5 41. Ke2 h6 42. Kd3 Bb6 43. h4 Bd8 44. Kc4 Bb6 45. Kb5 Bxe3 46. a5 g5 47. Kc6 Bc5 48. hxg5 hxg5 1/2-1/2

[Event "Condom 16th"]
[Site "Condom"]
[Date "2017.07.09"]
[Round "2"]
[White "Lemeaux, David"]
[Black "Grishchenko, Sergey"]
[Result "1/2-1/2"]
[WhiteElo "2344"]
[BlackElo "2439"]
[PlyCount "137"]
[EventDate "2017.07.08"]
[EventType "tourn"]
[EventRounds "9"]
[EventCountry "FRA"]
[EventCategory "4"]
[SourceTitle "EXT 2018"]
[Source "ChessBase"]
[SourceDate "2017.10.13"]
[SourceVersion "1"]
[SourceVersionDate "2017.10.13"]
[SourceQuality "1"]

1. d4 d5 2. c4 dxc4 3. Nf3 Nf6 4. e3 e6 5. Bxc4 a6 6. 0-0 c5 7. Bb3 Nc6 8. Nc3 b5 9. a4 b4 10. Ne2 Bb7 11. Nf4 Na5 12. Ba2 Bd6 13. dxc5 Bxc5 14. Bd2 Bd6 15. Nd3 Nc6 16. Qe2 Ne4 17. Rfd1 Qf6 18. Rac1 0-0 19. Be1 a5 20. Bc4 Rad8 21. Nd2 Nxd2 22. Rxd2 Ne5 23. Nxe5 Bxe5 24. b3 Rxd2 25. Bxd2 Rd8 26. Be1 Qg6 27. f3 Qh6 28. Bg3 Bd4 29. Bf2 Bb6 30. Rd1 Qf6 31. Rxd8+ Qxd8 32. e4 Kf8 33. Qd3 Bxf2+ 34. Kxf2 Qxd3 35. Bxd3 e5 36. Bc4 Ke7 37. Ke3 f6 38. h4 g5 39. h5 h6 40. g4 Kd6 41. Kd3 Bc8 42. Ke3 Bd7 43. Bf7 Bc6 44. Bg8 Bb7 45. Bc4 Kc5 46. Bb5 Bc8 47. Bc4 Bd7 48. Bf7 Bc6 49. Bg8 Be8 50. Be6 Kd6 51. Bc4 Bd7 52. Kd2 Bc6 53. Ke3 Bd7 54. Bf7 Bc8 55. Bc4 Kc5 56. Bg8 Ba6 57. Bf7 Kd6 58. Bg8 Bb7 59. Bc4 Bc6 60. Bf7 Bb7 61. Bc4 Ke7 62. Bg8 Ba6 63. Bd5 Bf1 64. Bg8 Kd6 65. Bf7 Ba6 66. Bg8 Bb7 67. Bc4 Ke7 68. Bg8 Bc6 69. Bc4 1/2-1/2

[Event "Condom 16th"]
[Site "Condom"]
[Date "2017.07.08"]
[Round "1"]
[White "Iwanesko, Alexandre"]
[Black "Lemeaux, David"]
[Result "1/2-1/2"]
[WhiteElo "2232"]
[BlackElo "2344"]
[PlyCount "61"]
[EventDate "2017.07.08"]
[EventType "tourn"]
[EventRounds "9"]
[EventCountry "FRA"]
[EventCategory "4"]
[SourceTitle "EXT 2018"]
[Source "ChessBase"]
[SourceDate "2017.10.13"]
[SourceVersion "1"]
[SourceVersionDate "2017.10.13"]
[SourceQuality "1"]

1. e4 c5 2. Nf3 Nc6 3. d4 cxd4 4. Nxd4 g6 5. Nc3 Bg7 6. Be3 Nf6 7. h4 0-0 8. h5 d5 9. hxg6 hxg6 10. Nxc6 bxc6 11. exd5 Nxd5 12. Nxd5 cxd5 13. Qd2 Bxb2 14. Qb4 Bg7 15. Qh4 f5 16. Bd4 Kf7 17. Bxg7 Kxg7 18. Qd4+ e5 19. Qxe5+ Qf6 20. Qxf6+ Kxf6 21. 0-0-0 Be6 22. Bd3 Rab8 23. Rh7 Bf7 24. g4 fxg4 25. Rg1 Rb4 26. Be2 Rf4 27. Rxg4 Rxf2 28. Bd3 Re8 29. Rxf7+ Kxf7 30. Bxg6+ Kf8 31. Rg1 1/2-1/2

[Event "Barcelona Sants op-A18th"]
[Site "Barcelona"]
[Date "2016.08.28"]
[Round "10"]
[White "Lemeaux, David"]
[Black "Barrientos Chavarriaga, Sergio E"]
[Result "0-1"]
[WhiteElo "2315"]
[BlackElo "2466"]
[PlyCount "60"]
[EventDate "2016.08.19"]
[EventType "swiss"]
[EventRounds "10"]
[EventCountry "ESP"]
[SourceTitle "EXT 2017"]
[Source "ChessBase"]
[SourceDate "2016.10.25"]
[SourceVersion "1"]
[SourceVersionDate "2016.10.25"]
[SourceQuality "1"]

1. d4 Nf6 2. c4 e6 3. Nc3 c5 4. d5 exd5 5. cxd5 d6 6. e4 g6 7. f4 Bg7 8. Bb5+ Nfd7 9. Bd3 0-0 10. Nf3 Na6 11. 0-0 Nc7 12. Be3 b6 13. Qd2 Rb8 14. a4 a6 15. f5 b5 16. axb5 axb5 17. Bh6 c4 18. Bxg7 Kxg7 19. Bc2 Ne8 20. Ne2 Nef6 21. Kh1 Ne5 22. Nxe5 dxe5 23. Ng3 Ne8 24. f6+ Nxf6 25. Qg5 Ng4 26. Nh5+ Kg8 27. Nf6+ Nxf6 28. Rxf6 Rb6 29. Raf1 Rxf6 30. Rxf6 Kg7 0-1

[Event "Barcelona Sants op-A18th"]
[Site "Barcelona"]
[Date "2016.08.26"]
[Round "8"]
[White "Lemeaux, David"]
[Black "Sundararajan, Kidambi"]
[Result "1/2-1/2"]
[WhiteElo "2315"]
[BlackElo "2442"]
[PlyCount "45"]
[EventDate "2016.08.19"]
[EventType "swiss"]
[EventRounds "10"]
[EventCountry "ESP"]
[SourceTitle "CBM 174 Extra"]
[Source "ChessBase"]
[SourceDate "2016.10.10"]
[SourceVersion "1"]
[SourceVersionDate "2016.10.10"]
[SourceQuality "1"]

1. d4 d5 2. Nf3 Nf6 3. c4 c6 4. e3 e6 5. Nc3 Nbd7 6. Qc2 Bd6 7. Bd3 dxc4 8. Bxc4 0-0 9. 0-0 b5 10. Bd3 Bb7 11. e4 e5 12. h3 Re8 13. dxe5 Nxe5 14. Nxe5 Bxe5 15. Be3 Qe7 16. Rae1 a6 17. Ne2 c5 18. Bxc5 Qc7 19. Bd4 Bxe4 20. Qxc7 Bxc7 21. Bxe4 Nxe4 22. Nc3 Nxc3 23. Bxc3 1/2-1/2

[Event "Barcelona Sants op-A18th"]
[Site "Barcelona"]
[Date "2016.08.21"]
[Round "3"]
[White "Cubas, Jose Fernando"]
[Black "Lemeaux, David"]
[Result "1/2-1/2"]
[WhiteElo "2470"]
[BlackElo "2315"]
[PlyCount "118"]
[EventDate "2016.08.19"]
[EventType "swiss"]
[EventRounds "10"]
[EventCountry "ESP"]
[SourceTitle "CBM 174 Extra"]
[Source "ChessBase"]
[SourceDate "2016.10.10"]
[SourceVersion "1"]
[SourceVersionDate "2016.10.10"]
[SourceQuality "1"]

1. e4 c5 2. Nf3 d6 3. d4 cxd4 4. Nxd4 Nf6 5. Nc3 a6 6. f4 e5 7. Nf3 Nbd7 8. a4 Be7 9. Bc4 0-0 10. 0-0 Qb6+ 11. Kh1 exf4 12. Bxf4 Qxb2 13. Qe1 Qb4 14. Ba2 Qc5 15. Rd1 Ne5 16. Be3 Qc7 17. Nxe5 dxe5 18. Rxf6 Bxf6 19. Nd5 Qc6 20. Rd3 Bg4 21. Qg3 Bh5 22. Rc3 Qe6 23. Bc5 Rfd8 24. h3 Kh8 25. Bb3 Rxd5 26. Bxd5 Qd7 27. a5 Be2 28. Bb6 Rc8 29. Rxc8+ Qxc8 30. Bxf7 Qxc2 31. Qa3 Qc8 32. Bd5 h6 33. Qc5 Qxc5 34. Bxc5 Bh4 35. Bb4 Bf2 36. Bc3 b6 37. axb6 Bxb6 38. Bxe5 Bc5 39. Bc3 Kh7 40. e5 Bd3 41. Kh2 g5 42. Kg3 Be2 43. e6 Be7 44. Kf2 Bb5 45. Ke3 Kg8 46. Ke4 Kf8 47. Kf5 Bd3+ 48. Be4 Bxe4+ 49. Kxe4 h5 50. Kd5 Ke8 51. Kc6 Bd8 52. Bd2 g4 53. hxg4 hxg4 54. Be1 a5 55. Kb5 Ke7 56. Bh4+ Ke8 57. Be1 Ke7 58. Bh4+ Ke8 59. Be1 Ke7 1/2-1/2

[Event "Barcelona Sants op-A18th"]
[Site "Barcelona"]
[Date "2016.08.20"]
[Round "2"]
[White "Lemeaux, David"]
[Black "Tardio Fran, Emilio"]
[Result "1-0"]
[WhiteElo "2315"]
[BlackElo "1845"]
[PlyCount "49"]
[EventDate "2016.08.19"]
[EventType "swiss"]
[EventRounds "10"]
[EventCountry "ESP"]
[SourceTitle "CBM 174 Extra"]
[Source "ChessBase"]
[SourceDate "2016.10.10"]
[SourceVersion "1"]
[SourceVersionDate "2016.10.10"]
[SourceQuality "1"]

1. d4 Nf6 2. c4 c5 3. d5 b5 4. Qc2 bxc4 5. e4 g6 6. Bxc4 d6 7. Nf3 Bg7 8. 0-0 0-0 9. h3 Ba6 10. Na3 Bxc4 11. Nxc4 Nbd7 12. Bf4 Qc7 13. Rad1 Rfb8 14. e5 Ne8 15. Rfe1 Nb6 16. b3 Nxc4 17. Qxc4 Rb4 18. Qc1 Rxf4 19. Qxf4 dxe5 20. Nxe5 Nd6 21. Nc4 Bd4 22. Re2 Re8 23. Nxd6 Rd8 24. Qxf7+ Kh8 25. Rxe7 1-0

[Event "Barcelona Sants op 17th"]
[Site "Barcelona"]
[Date "2015.08.25"]
[Round "5"]
[White "Lemeaux, David"]
[Black "Demuth, Adrien"]
[Result "1/2-1/2"]
[WhiteElo "2324"]
[BlackElo "2541"]
[PlyCount "48"]
[EventDate "2015.08.21"]
[EventType "swiss"]
[EventRounds "10"]
[EventCountry "ESP"]
[SourceTitle "EXT 2016"]
[Source "ChessBase"]
[SourceDate "2015.10.08"]
[SourceVersion "1"]
[SourceVersionDate "2015.10.08"]
[SourceQuality "1"]

1. Nf3 Nf6 2. c4 g6 3. g3 Bg7 4. Bg2 0-0 5. 0-0 d6 6. d4 Nc6 7. Nc3 a6 8. d5 Na5 9. b3 Rb8 10. Nd4 Bd7 11. Bb2 c5 12. dxc6 bxc6 13. Qd2 c5 14. Nf3 Bc6 15. Rac1 Qb6 16. Ba1 Ne4 17. Nxe4 Bxe4 18. Bxg7 Kxg7 19. Qc3+ Kg8 20. Qe3 Bxf3 21. Bxf3 Rfe8 22. Qh6 Nc6 23. h4 Nd4 24. h5 Nf5 1/2-1/2

[Event "Barcelona Sants op 17th"]
[Site "Barcelona"]
[Date "2015.08.24"]
[Round "4"]
[White "Oliva Castaneda, Kevel"]
[Black "Lemeaux, David"]
[Result "1/2-1/2"]
[WhiteElo "2488"]
[BlackElo "2324"]
[PlyCount "84"]
[EventDate "2015.08.21"]
[EventType "swiss"]
[EventRounds "10"]
[EventCountry "ESP"]
[SourceTitle "EXT 2016"]
[Source "ChessBase"]
[SourceDate "2015.10.08"]
[SourceVersion "1"]
[SourceVersionDate "2015.10.08"]
[SourceQuality "1"]

1. Nf3 Nf6 2. c4 e6 3. g3 d5 4. Bg2 dxc4 5. Qa4+ Nbd7 6. 0-0 c5 7. Qxc4 b6 8. b3 Bb7 9. Bb2 Be7 10. d3 0-0 11. Nbd2 Rc8 12. Rad1 Qc7 13. a3 Rfd8 14. e4 Ng4 15. Qc2 Bf6 16. Bxf6 Ngxf6 17. Rfe1 e5 18. Bh3 Re8 19. Qc3 Rcd8 20. b4 Qb8 21. Rb1 cxb4 22. axb4 Nf8 23. Nc4 Ng6 24. b5 Nd7 25. Bf5 Re7 26. Re3 Rde8 27. h4 Ngf8 28. Ra1 Nc5 29. Ra3 f6 30. Qa1 Bc8 31. Bxc8 Rxc8 32. Qa2 Nfe6 33. Re1 Kh8 34. Ra1 Rcc7 35. Ne3 Red7 36. Nd5 Rb7 37. Nb4 Qe8 38. Qe2 Nc7 39. Rxa7 Rxa7 40. Rxa7 Nxb5 41. Rxd7 Qxd7 42. Nd5 Qa7 1/2-1/2

[Event "Rochefort op 14th"]
[Site "Rochefort"]
[Date "2015.02.26"]
[Round "8"]
[White "Lemeaux, David"]
[Black "Muratet, Lucas"]
[Result "0-1"]
[WhiteElo "2310"]
[BlackElo "2157"]
[PlyCount "67"]
[EventDate "2015.02.21"]
[EventType "swiss"]
[EventRounds "9"]
[EventCountry "FRA"]
[SourceTitle "CBM 165 Extra"]
[Source "ChessBase"]
[SourceDate "2015.04.21"]
[SourceVersion "1"]
[SourceVersionDate "2015.04.21"]
[SourceQuality "1"]

1. d4 Nf6 2. c4 c5 3. Nf3 cxd4 4. Nxd4 e5 5. Nb5 d5 6. cxd5 Bc5 7. N5c3 0-0 8. e3 Qe7 9. Be2 e4 10. a3 Rd8 11. Nd2 a5 12. 0-0 Bf5 13. Qb3 Nbd7 14. Rd1 Ne5 15. Nf1 h5 16. Na4 Bd6 17. Nb6 Rab8 18. Bd2 Bg4 19. Bxg4 Nfxg4 20. Be1 Qg5 21. h4 Qf6 22. Nc4 a4 23. Qb5 Nf3+ 24. gxf3 exf3 25. Ncd2 Bh2+ 26. Nxh2 Nxh2 27. Nxf3 Nxf3+ 28. Kf1 Qxh4 29. Ba5 b6 30. Bb4 Qg4 31. d6 h4 32. Qd5 h3 33. Ke2 Ng1+ 34. Kd2 0-1

[Event "Cap d'Agde CCAS op"]
[Site "Cap d'Agde"]
[Date "2014.10.20"]
[Round "4"]
[White "Cornette, Matthieu"]
[Black "Lemeaux, David"]
[Result "1-0"]
[WhiteElo "2548"]
[BlackElo "2253"]
[PlyCount "63"]
[EventDate "2014.10.24"]
[EventType "swiss"]
[EventRounds "9"]
[EventCountry "FRA"]
[SourceTitle "EXT 2016"]
[Source "ChessBase"]
[SourceDate "2015.10.08"]
[SourceVersion "1"]
[SourceVersionDate "2015.10.08"]
[SourceQuality "1"]

1. e4 c5 2. Nf3 e6 3. d4 cxd4 4. Nxd4 Nc6 5. Nc3 Qc7 6. Be2 a6 7. 0-0 Nf6 8. Be3 d6 9. f4 Be7 10. Qe1 0-0 11. Kh1 Bd7 12. Qg3 Nxd4 13. Bxd4 Bc6 14. Rae1 b5 15. a3 Rad8 16. Bd3 Qb7 17. Nd1 Ne8 18. Bc3 Bf6 19. e5 dxe5 20. fxe5 Be7 21. Ne3 b4 22. axb4 Bb5 23. Nc4 Bxc4 24. Bxc4 Nc7 25. Bd3 Nd5 26. Bd2 Bxb4 27. c3 Bc5 28. b4 Bb6 29. Bg5 Rd7 30. Be4 f5 31. exf6 Qc8 32. Qh3 1-0

[Event "Barcelona Sants op 16th"]
[Site "Barcelona"]
[Date "2014.08.29"]
[Round "8"]
[White "Erlandsen, Carsten"]
[Black "Lemeaux, David"]
[Result "0-1"]
[WhiteElo "2040"]
[BlackElo "2267"]
[PlyCount "48"]
[EventDate "2014.08.22"]
[EventType "swiss"]
[EventRounds "10"]
[EventCountry "ESP"]
[SourceTitle "CBM 162 Extra"]
[Source "ChessBase"]
[SourceDate "2014.10.17"]
[SourceVersion "1"]
[SourceVersionDate "2014.10.17"]
[SourceQuality "1"]

1. d4 Nf6 2. c4 e6 3. Nf3 d5 4. e3 Be7 5. Bd3 0-0 6. 0-0 b6 7. cxd5 exd5 8. Ne5 Bb7 9. Nd2 Nbd7 10. Ndf3 Ne4 11. b3 Bd6 12. Bb2 f6 13. Nxd7 Qxd7 14. Qc2 Rad8 15. a4 Qe7 16. Qc1 Rc8 17. Qb1 Rfe8 18. Ra2 c6 19. Ba1 Qf7 20. Nd2 Qh5 21. h3 Ng5 22. Qd1 Nxh3+ 23. gxh3 Qxh3 24. f4 Qxe3+ 0-1